| 000 | 00722cam a2200253 a 4500 | ||
|---|---|---|---|
| 001 | 4242178 | ||
| 003 | NUST - PNEC | ||
| 005 | 20170116181017.0 | ||
| 008 | 830912s1984 nyua b 001 0 eng | ||
| 010 | _a 83019613 | ||
| 020 | _a0070150729 (pbk.) : | ||
| 040 | _cLIBRARY | ||
| 082 | 0 | 0 | _a005.43 DAH |
| 100 | 1 | _aDahmke, Mark. | |
| 245 | 1 | 4 |
_aThe byte guide to CP/M-86 / _cby Mark Dahmke. |
| 260 |
_aNew York : _bMcGraw-Hill, _cc1984. |
||
| 300 |
_axiii, 254 p. : _bill. ; _c23 cm. |
||
| 500 | _aIncludes index. | ||
| 504 | _aBibliography: p. 249. | ||
| 630 | 0 | 0 | _aCP/M-86. |
| 650 |
_916357 _aOperating System _xMIS. Computer Sciemnce |
||
| 906 |
_a7 _bcbc _corignew _d1 _eocip _f19 _gy-gencatlg |
||
| 942 |
_2ddc _cBK |
||
| 999 |
_c67295 _d67295 |
||